Ta với ta thơ

.

Zapisane w:
Opis bibliograficzny
1. autor: Tố Hữu
Kolejni autorzy: Hà Minh Đức (giới thiệu)
Format: Książka
Język:Vietnamese
Wydane: H. Văn học 2001
Wydanie:in lần thứ hai có bổ sung
Hasła przedmiotowe:
Etykiety: Dodaj etykietę
Nie ma etykietki, Dołącz pierwszą etykiete!
Thư viện lưu trữ: Mạng thư viện Đại học Đà Nẵng
LEADER 01136nam a2200373 4500
001 000005493
003 1638
005 20120409090432.0
008 110817s2001 viesd
020 |c 10000 
041 0 |a vie 
082 |a 895.9221  |b TO-H 
100 0 |a Tố Hữu 
245 0 |a Ta với ta  |b thơ  |c Tố Hữu; Hà Minh Đức 
250 |a in lần thứ hai có bổ sung 
260 |a H.  |b Văn học  |c 2001 
300 |a 102 tr.  |c 19 cm 
520 |a . 
653 |a Văn học Việt Nam 
653 |a Thơ 
653 |a Tố Hữu 
653 |a Hà Minh Đức 
700 |a Hà Minh Đức  |e giới thiệu 
910 |a Thu Sương  |d 17/8/2011 
OWN |a LSP 
AVA |a UDN50  |b LSP  |d 895.9221 TO-H  |e available  |t Error 5001 Not defined in file expand_doc_bib_avail.  |f 10  |g 0  |h N  |i 0  |k 1 
999 |a From the UDN01 
AVA |a UDN50  |b LSP  |d 895.9221 TO-H  |e available  |t Error 5001 Not defined in file expand_doc_bib_avail.  |f 10  |g 0  |h N  |i 0  |k 1 
TYP |a Monograph 
TYP |a Printed language 
980 |a Mạng thư viện Đại học Đà Nẵng